00549nam a2200205Ia 450000500170000000800410001702000180005804100120007608200160008810000230010424500510012725000130017826000410019130000210023265000120025365000200026565000150028570000210030070000220032120260429112029.0260429s9999||||xx |||||||||||||| ||und|| a9781032638966 aEnglish a155.33bHEL aHelgeson, Vicki S. 0aPsychology of gender/sex / cVicki S. Helgeson a17th ed. aUnited Kingdom : bRoutledge,c2025. axiv, 760 p.; pbk a Gender a Sex psychology aPsychology a Balhan, Krystle a Winterrowd, Erin